00246nam a22001097a 4500008004100000020001800041100001700059240001700076245001700093246001800110300000800128140107t xxu||||| |||| 00| 0 eng d a969-35-1087-9 aAshfaq Ahmad akhel tamasha aKail Tamasha akhail tamasha a340